Colloid science : (Record no. 2402)

MARC details
000 -LEADER
fixed length control field 00612nam a22002052 4500
001 - CONTROL NUMBER
control field 0000004037
005 - DATE AND TIME OF LATEST TRANSACTION
control field 20151217145750.0
008 - FIXED-LENGTH DATA ELEMENTS--GENERAL INFORMATION
fixed length control field 070518s xx 000 0 eng d
020 ## - INTERNATIONAL STANDARD BOOK NUMBER
International Standard Book Number 1405126736 :
Terms of availability GBP 40.00
040 ## - CATALOGING SOURCE
Original cataloging agency KABU
Transcribing agency KABU
050 #0 - LIBRARY OF CONGRESS CALL NUMBER
Classification number QD549
Item number .C65
245 10 - TITLE STATEMENT
Title Colloid science :
Remainder of title principles, methods and applications /
Statement of responsibility, etc. edited by Terence Cosgrove.
260 ## - PUBLICATION, DISTRIBUTION, ETC. (IMPRINT)
Place of publication, distribution, etc. Oxford :
Name of publisher, distributor, etc. Blackwell,
Date of publication, distribution, etc. 2003.
300 ## - PHYSICAL DESCRIPTION
Extent xvi, 288 p.
650 #0 - SUBJECT ADDED ENTRY--TOPICAL TERM
Topical term or geographic name as entry element Colliods.
-- 0000154376
700 1# - ADDED ENTRY--PERSONAL NAME
Personal name Cosgrove, Terence.
-- 0000154377
908 ## - PUT COMMAND PARAMETER (RLIN)
Put command parameter 070518
950 ## - LOCAL HOLDINGS (RLIN)
-- 1
Holdings
Withdrawn status Lost status Source of classification or shelving scheme Not for loan Home library Current library Date acquired Total Checkouts Full call number Barcode Date last seen Price effective from Koha item type
    Library of Congress Classification   Kabarak, Main Campus Kabarak, Main Campus 17/12/2015   QD549 .C65 006308 17/12/2015 17/12/2015 General Collection
Designed with assistance from East African Informatics Ltd